书目信息 |
| 题名: |
赖斯:世界上最有权力的女人
|
|
| 作者: | 沙克 著 ;陈飞 , 钱舒平 译 | |
| 分册: | ||
| 出版信息: | 北京 世界知识出版社 2005 |
|
| 页数: | 261页 | |
| 开本: | 21cm | |
| 丛书名: | 风云人物 | |
| 单 册: | ||
| 中图分类: | K837.127=6 | |
| 科图分类: | ||
| 主题词: | 政治家 , 政治家--生平事迹--美国--现代 | |
| 电子资源: | ||
| ISBN: | 7-5012-2488-9 | |
| 000 | 01168nam0 2200301 450 | |
| 001 | TS2006044689 | |
| 005 | 20061228094733.21 | |
| 010 | @a7-5012-2488-9@dCNY22.00 | |
| 100 | @a20060829d2005 em y0chiy0120 ea | |
| 101 | 1 | @achi@cger |
| 102 | @aCN@b110000 | |
| 105 | @aa z 000yb | |
| 200 | 1 | @a赖斯:世界上最有权力的女人@ALai Si: Shi Jie Shang Zui You Quan Li De Nu^ Ren@f(德)埃里希·沙克(Erich Schaake)著@F( De ) Ai Li Xi· Sha Ke (Erich Schaake) Zhu@g陈飞,钱舒平译 |
| 210 | @a北京@c世界知识出版社@d2005 | |
| 215 | @a261页@c照片@d21cm | |
| 225 | 2 | @a风云人物@v01 |
| 330 | @a本书共10章,介绍了美国第一位黑人女国务卿赖斯生平,内容包括:黑色的皮肤,黑色面孔的苦涩遗产,放飞梦想,小明星等。 | |
| 410 | 0 | @12001 @a风云人物@v01 |
| 510 | 1 | @aCondoleezza Rice: Die Frau an der Spitzeder der Macht@zger |
| 606 | 0 | @a政治家 |
| 606 | 0 | @a政治家@x生平事迹@y美国@z现代 |
| 610 | 0 | @a赖斯(女,Rice, Condoleezza;1954~) |
| 690 | @aK837.127=6@v4 | |
| 701 | 0 | @a沙克@ASha Ke@g(Schaake, Erich,@f1942~)@4著 |
| 702 | 0 | @a陈飞@AChen Fei@c(德语翻译)@4译 |
| 702 | 0 | @a钱舒平@AQian Shu Ping@4译 |
| 801 | 0 | @aCN@b中图数据@c20061228 |
| 905 | @a10447@dK837.127=6@e549 | |
| 赖斯:世界上最有权力的女人/(德)埃里希·沙克(Erich Schaake)著/陈飞,钱舒平译.-北京:世界知识出版社,2005 |
| 261页:照片;21cm.-(风云人物;01) |
| ISBN 7-5012-2488-9:CNY22.00 |
| 本书共10章,介绍了美国第一位黑人女国务卿赖斯生平,内容包括:黑色的皮肤,黑色面孔的苦涩遗产,放飞梦想,小明星等。 |
| ● |
| 相关链接 |
|
|
|
|
正题名:赖斯:世界上最有权力的女人
索取号:K837.127=6/549
 
预约/预借
| 序号 | 登录号 | 条形码 | 馆藏地/架位号 | 状态 | 备注 |
| 1 | 0613796 | 206137964 | 第二借阅区/ [索取号:K837.127=6/549] | 在馆 | |
| 2 | 0613797 | 206137973 | 第二借阅区/ [索取号:K837.127=6/549] | 在馆 | |
| 3 | 0613798 | 206137982 | 第二借阅区/ [索取号:K837.127=6/549] | 在馆 | |
| 4 | 0615055 | 206150555 | 第二样本阅览室/ [索取号:K837.127=6/549] | 在馆 | |
| 5 | 0615056 | 206150564 | 第二借阅区/ [索取号:K837.127=6/549] | 在馆 |